000 00867nam a2200265 a 4500
003 DO-SdBNP
005 20240316073902.0
007 ta
008 110418s2006 dr r 000 0 spa d
020 _a9945405667
040 _aDO-SdBNP
_bspa
_cBNPHU
082 _axxx
_bG216h
_222
100 _aGarcía Carrasco, Félix,
_925358
_d1920-2008
245 1 0 _aHostos para estudiantes /
_cFélix García Carrasco; editor Tomás Castro Burdiez.
250 _a2a. ed.
260 _aSanto Domingo :
_bEDUCARTE,
_c2006.
300 _a28 p. ;
_c21 cm.
490 1 _aCuadernos Educativos y Culturales ;
_v18 ;
590 _aInventariado, 2023/ YL
700 _aCastro, Tomás,
_d1959-
_eed.
_924641
710 1 _aFundación para la Educación y el Arte (EDUCARTE)
_956394
830 0 _aCuadernos Educativos y Culturales
_n18
_956395
910 _aYLockward
942 _2ddc
_cLF2
999 _c53124
_d53124